| 000 | 01096 a2200241 4500 | ||
|---|---|---|---|
| 005 | 20080910152249.0 | ||
| 008 | 080910t xxu||||| |||| 00| 0 hin d | ||
| 010 | _aHIN-79512 | ||
| 020 |
_a8181661656 _c150.00 |
||
| 035 | _aHN-51858 | ||
| 037 | _bD.B.Act / pub | ||
| 082 | _a821 | ||
| 100 | _aप्रजापति, रवीन्द्र स्वप्निल | ||
| 245 |
_aकोलाज _cरवीन्द्र स्वप्निल प्रजापति |
||
| 246 | _aKolaaj | ||
| 260 |
_aदिल्ली _bमेधा बुक्स _c2006 |
||
| 270 |
_aएक्स-11, नवीन शाहदरा _bदिल्ली _e110032 _k22323672 _mmedhabooks@rediffmail.com |
||
| 300 |
_a141पृ _c22 सेमी (सजिल्द) |
||
| 650 | _aहिन्दी कविताएँ | ||
| 650 | _aHindi Poem | ||
| 942 |
_adpl _cHN _k821 / प्रजाप _2ddc _h821 _mप्रजाप |
||
| 999 |
_c2888 _d2888 |
||